000 00636nam a22000977a 4500
008 211111b ||||| |||| 00| 0 eng d
100 _aTaylor, May Day
245 _aThe Alexandria Blue Boy
_bthe postmaster, the letter, and the legend
260 _gc2006
650 _aUnited States -- Virginia -- Alexandria | Provisionals and Forerunners | 1847 | Rare Issues and Covers | Famous Stamps and Collections | Stamps -- Histories | Postal Officials | Bryan, Daniel, 1790-1866. | Hooff, James Walace, 1825-1915 -- Correspondence | Postal Markings | Postal History | 19th Century | Collecting | Love-letters | Exhibitions -- Catalogs and Publications
999 _c3203
_d3203